[Event "Greek Team Championship"]
[Site "chess24.com"]
[Date "2017.07.08"]
[Round "7"]
[White "Galunova, Tsveta"]
[Black "Radeva, Viktoria"]
[Result "1/2-1/2"]
[Board "5"]
[WhiteElo "2175"]
[WhiteCountry "BUL"]
[WhiteFideId "2909995"]
[WhiteEloChange "2"]
[BlackElo "2236"]
[BlackTitle "WFM"]
[BlackCountry "BUL"]
[BlackFideId "2915405"]
[BlackEloChange "-2"]

1. d4 {[%clk 1:25:24]} Nf6 {[%clk 1:30:55]} 2. c4 {[%clk 1:25:49]} e6 {[%clk
1:31:22]} 3. Nc3 {[%clk 1:26:07]} Bb4 {[%clk 1:31:34]} 4. e3 {[%clk 1:26:15]} O-O
{[%clk 1:31:42]} 5. Bd3 {[%clk 1:25:23]} d5 {[%clk 1:30:09]} 6. Nf3 {[%clk
1:25:33]} c5 {[%clk 1:29:17]} 7. O-O {[%clk 1:25:38]} Nc6 {[%clk 1:25:23]} 8.
cxd5 {[%clk 1:25:14]} exd5 {[%clk 1:25:07]} 9. dxc5 {[%clk 1:24:17]} Bxc5 {[%clk
1:21:12]} 10. h3 {[%clk 1:24:09]} a6 {[%clk 1:18:33]} 11. b3 {[%clk 1:21:06]} Bd6
{[%clk 1:07:17]} 12. Bb2 {[%clk 1:19:48]} Be6 {[%clk 1:06:16]} 13. Rc1 {[%clk
1:18:08]} Rc8 {[%clk 1:05:30]} 14. Na4 {[%clk 1:03:48]} Nd7 {[%clk 0:50:41]} 15.
e4 {[%clk 0:41:12]} Bf4 {[%clk 0:37:32]} 16. exd5 {[%clk 0:32:13]} Bxd5 {[%clk
0:35:07]} 17. Rc2 {[%clk 0:31:16]} Be6 {[%clk 0:20:43]} 18. Qe2 {[%clk 0:29:18]}
Nf6 {[%clk 0:16:33]} 19. Rd1 {[%clk 0:21:05]} Qe7 {[%clk 0:16:25]} 20. Nd4 {[%clk
0:16:43]} Nxd4 {[%clk 0:13:04]} 21. Bxd4 {[%clk 0:16:56]} Rxc2 {[%clk 0:12:32]}
22. Bxc2 {[%clk 0:14:44]} Rc8 {[%clk 0:09:12]} 23. Bf5 {[%clk 0:13:15]} Re8
{[%clk 0:07:16]} 24. Bc5 {[%clk 0:08:21]} Qc7 {[%clk 0:07:30]} 25. Bxe6 {[%clk
0:07:07]} Rxe6 {[%clk 0:07:38]} 26. Qf3 {[%clk 0:05:09]} b5 {[%clk 0:05:21]} 27.
Bb6 {[%clk 0:03:43]} Qe5 {[%clk 0:05:24]} 28. g3 {[%clk 0:02:56]} bxa4 {[%clk
0:04:56]} 29. gxf4 {[%clk 0:03:04]} Qb5 {[%clk 0:03:32]} 30. Rd8+ {[%clk
0:02:13]} Re8 {[%clk 0:01:22]} 31. Qa8 {[%clk 0:01:40]} axb3 {[%clk 0:01:33]} 32.
axb3 {[%clk 0:02:08]} h6 {[%clk 0:01:23]} 33. Bd4 {[%clk 0:01:54]} Rxd8 {[%clk
0:01:29]} 34. Qxd8+ {[%clk 0:02:20]} Ne8 {[%clk 0:01:48]} 35. Qe7 {[%clk
0:01:34]} Qc6 {[%clk 0:01:50]} 36. Be5 {[%clk 0:00:52]} Qe6 {[%clk 0:01:51]} 37.
Qxe6 {[%clk 0:00:47]} fxe6 {[%clk 0:02:19]} 38. Kg2 {[%clk 0:01:08]} Nf6 {[%clk
0:01:40]} 39. Bxf6 {[%clk 0:00:48]} gxf6 {[%clk 0:02:09]} 40. h4 {[%clk 0:30:36]}
h5 {[%clk 0:32:04]} 41. Kf3 {[%clk 0:24:59]} Kf7 {[%clk 0:31:11]} 42. Ke4 {[%clk
0:23:40]} 1/2-1/2

[Event "Greek Team Championship"]
[Site "chess24.com"]
[Date "2017.07.08"]
[Round "7"]
[White "Skiadaresi, Antonia"]
[Black "Liapi Zenebisi, Irini"]
[Result "0-1"]
[Board "6"]
[WhiteElo "1394"]
[WhiteCountry "GRE"]
[WhiteFideId "4246578"]
[WhiteEloChange "-2"]
[BlackElo "1791"]
[BlackCountry "GRE"]
[BlackFideId "4234120"]
[BlackEloChange "2"]

1. d4 {[%clk 1:30:57]} Nf6 {[%clk 1:30:57]} 2. Nf3 {[%clk 1:31:24]} e6 {[%clk
1:31:23]} 3. c4 {[%clk 1:31:49]} b6 {[%clk 1:31:49]} 4. g3 {[%clk 1:32:12]} Bb7
{[%clk 1:32:14]} 5. Bg2 {[%clk 1:32:32]} Be7 {[%clk 1:32:37]} 6. O-O {[%clk
1:32:54]} O-O {[%clk 1:33:03]} 7. Qc2 {[%clk 1:30:33]} c5 {[%clk 1:29:51]} 8.
Nbd2 {[%clk 1:29:55]} Na6 {[%clk 1:26:48]} 9. e4 {[%clk 1:22:35]} cxd4 {[%clk
1:22:52]} 10. Nxd4 {[%clk 1:21:16]} Nb4 {[%clk 1:09:15]} 11. Qb1 {[%clk 1:18:00]}
Qb8 {[%clk 1:04:12]} 12. Re1 {[%clk 1:10:21]} Bc5 {[%clk 1:00:13]} 13. N2f3
{[%clk 1:03:31]} Ng4 {[%clk 0:58:22]} 14. a3 {[%clk 0:57:37]} Nc6 {[%clk
0:57:59]} 15. Nxc6 {[%clk 0:46:48]} Bxc6 {[%clk 0:47:48]} 16. Re2 {[%clk
0:44:59]} f5 {[%clk 0:48:03]} 17. Nh4 {[%clk 0:31:36]} fxe4 {[%clk 0:47:17]} 18.
Bxe4 {[%clk 0:31:37]} Bxe4 {[%clk 0:43:51]} 19. Qxe4 {[%clk 0:31:52]} Nxf2 {[%clk
0:43:55]} 20. b4 {[%clk 0:23:48]} Nxe4+ {[%clk 0:41:15]} 21. bxc5 {[%clk
0:24:00]} Qe5 {[%clk 0:41:12]} 22. Bb2 {[%clk 0:22:03]} Qxc5+ {[%clk 0:41:32]}
23. Kg2 {[%clk 0:19:50]} Rf2+ {[%clk 0:41:36]} 24. Rxf2 {[%clk 0:19:48]} Qxf2+
{[%clk 0:41:59]} 25. Kh1 {[%clk 0:17:34]} Qxb2 {[%clk 0:41:54]} 0-1

[Event "Greek Team Championship"]
[Site "chess24.com"]
[Date "2017.07.08"]
[Round "7"]
[White "Aivazian, Elpida Sofia"]
[Black "Grafakou, Sotiria-Aphrodite"]
[Result "1/2-1/2"]
[Board "7"]
[WhiteElo "1415"]
[WhiteCountry "GRE"]
[WhiteFideId "25821555"]
[WhiteEloChange "7"]
[BlackElo "1695"]
[BlackCountry "GRE"]
[BlackFideId "4249879"]
[BlackEloChange "-7"]

1. e4 {[%clk 1:30:58]} c5 {[%clk 1:30:54]} 2. Nf3 {[%clk 1:31:24]} Nc6 {[%clk
1:31:17]} 3. Bb5 {[%clk 1:31:37]} Nf6 {[%clk 1:31:37]} 4. Nc3 {[%clk 1:30:27]}
Qc7 {[%clk 1:30:38]} 5. O-O {[%clk 1:29:05]} a6 {[%clk 1:30:44]} 6. Bxc6 {[%clk
1:21:47]} dxc6 {[%clk 1:31:05]} 7. h3 {[%clk 1:19:55]} e5 {[%clk 1:31:08]} 8. d3
{[%clk 1:17:05]} Be6 {[%clk 1:30:25]} 9. Ng5 {[%clk 1:10:48]} Bd7 {[%clk
1:30:36]} 10. f4 {[%clk 1:09:45]} h6 {[%clk 1:28:56]} 11. Nf3 {[%clk 1:01:23]}
exf4 {[%clk 1:27:50]} 12. e5 {[%clk 1:01:43]} Nd5 {[%clk 1:28:02]} 13. Nxd5
{[%clk 0:58:26]} cxd5 {[%clk 1:28:25]} 14. Bxf4 {[%clk 0:58:28]} Be6 {[%clk
1:28:43]} 15. c3 {[%clk 0:54:44]} Be7 {[%clk 1:27:51]} 16. d4 {[%clk 0:52:33]} g5
{[%clk 1:25:48]} 17. Be3 {[%clk 0:45:55]} g4 {[%clk 1:23:25]} 18. hxg4 {[%clk
0:45:46]} Bxg4 {[%clk 1:23:48]} 19. dxc5 {[%clk 0:44:37]} Bxc5 {[%clk 1:23:35]}
20. Bxc5 {[%clk 0:44:58]} Qxc5+ {[%clk 1:23:45]} 21. Qd4 {[%clk 0:45:10]} Qxd4+
{[%clk 1:23:39]} 22. Nxd4 {[%clk 0:34:53]} Ke7 {[%clk 1:18:50]} 23. Rf6 {[%clk
0:32:22]} Be6 {[%clk 1:17:24]} 24. Raf1 {[%clk 0:31:43]} Raf8 {[%clk 1:16:48]}
25. Nf5+ {[%clk 0:22:20]} Bxf5 {[%clk 1:15:23]} 26. R1xf5 {[%clk 0:22:41]} h5
{[%clk 1:14:40]} 27. Rb6 {[%clk 0:22:19]} Rb8 {[%clk 1:14:13]} 28. Rff6 {[%clk
0:18:26]} Rhg8 {[%clk 1:10:05]} 29. Rfd6 {[%clk 0:15:03]} Rg5 {[%clk 1:06:46]}
30. Rxd5 {[%clk 0:14:58]} Rf5 {[%clk 1:04:07]} 31. b3 {[%clk 0:08:34]} Rf4 {[%clk
1:01:54]} 32. Rd4 {[%clk 0:07:46]} Rf5 {[%clk 1:01:48]} 33. Re4 {[%clk 0:08:00]}
Kd7 {[%clk 1:01:12]} 34. c4 {[%clk 0:06:44]} Rg5 {[%clk 1:00:39]} 35. Rf4 {[%clk
0:06:02]} Ke7 {[%clk 1:00:11]} 36. Re4 {[%clk 0:06:12]} Kd7 {[%clk 1:00:14]} 37.
Rf6 {[%clk 0:05:54]} Ke7 {[%clk 1:00:16]} 38. Ref4 {[%clk 0:04:56]} Rg7 {[%clk
0:59:59]} 39. Rh6 {[%clk 0:04:17]} Rg5 {[%clk 1:00:00]} 40. Rh7 {[%clk 0:34:10]}
Rf8 {[%clk 1:29:50]} 41. Re4 {[%clk 0:30:46]} Ke6 {[%clk 1:26:26]} 42. Rh6+
{[%clk 0:30:34]} Kd7 {[%clk 1:25:56]} 43. Rf6 {[%clk 0:24:47]} Ke7 {[%clk
1:25:42]} 44. Rb6 {[%clk 0:25:09]} Rb8 {[%clk 1:25:44]} 45. Kh2 {[%clk 0:25:13]}
Rf5 {[%clk 1:24:33]} 46. Re2 {[%clk 0:23:48]} Rf4 {[%clk 1:23:54]} 47. c5 {[%clk
0:23:20]} Rh4+ {[%clk 1:23:14]} 48. Kg1 {[%clk 0:20:58]} Rg4 {[%clk 1:22:25]} 49.
c6 {[%clk 0:20:07]} Rg6 {[%clk 1:21:17]} 50. c7 {[%clk 0:19:58]} Rc8 {[%clk
1:21:41]} 51. Rxb7 {[%clk 0:19:50]} Rc6 {[%clk 1:22:01]} 52. Rb4 {[%clk 0:18:01]}
R8xc7 {[%clk 1:22:10]} 53. Rh4 {[%clk 0:18:09]} Rc2 {[%clk 1:20:52]} 54. Rxc2
{[%clk 0:18:27]} Rxc2 {[%clk 1:21:16]} 55. a4 {[%clk 0:18:37]} Rb2 {[%clk
1:18:56]} 56. Rxh5 {[%clk 0:18:05]} Rxb3 {[%clk 1:19:21]} 57. Rh6 {[%clk
0:18:25]} Re3 {[%clk 1:19:08]} 58. Rxa6 {[%clk 0:18:29]} Rxe5 {[%clk 1:19:34]}
59. Kf2 {[%clk 0:17:57]} Rc5 {[%clk 1:19:38]} 60. Ra7+ {[%clk 0:16:29]} Ke6
{[%clk 1:19:28]} 61. g4 {[%clk 0:15:57]} Rc2+ {[%clk 1:18:26]} 62. Kg3 {[%clk
0:16:13]} Rc4 {[%clk 1:17:50]} 63. a5 {[%clk 0:16:35]} Ra4 {[%clk 1:18:09]} 64.
a6 {[%clk 0:16:32]} f5 {[%clk 1:15:49]} 65. g5 {[%clk 0:13:31]} Kd6 {[%clk
0:57:41]} 66. Ra8 {[%clk 0:11:21]} 1/2-1/2

[Event "Greek Team Championship"]
[Site "chess24.com"]
[Date "2017.07.08"]
[Round "7"]
[White "Gkikas, Vasilios"]
[Black "Nasos, Konstantinos"]
[Result "1-0"]
[Board "8"]
[WhiteElo "1981"]
[WhiteCountry "GRE"]
[WhiteFideId "4256662"]
[WhiteEloChange "2"]
[BlackElo "1611"]
[BlackCountry "GRE"]
[BlackFideId "25838938"]
[BlackEloChange "-2"]

1. d4 {[%clk 1:30:35]} Nf6 {[%clk 1:30:55]} 2. c4 {[%clk 1:30:55]} g6 {[%clk
1:31:19]} 3. Nc3 {[%clk 1:30:50]} Bg7 {[%clk 1:31:42]} 4. e4 {[%clk 1:31:08]} d6
{[%clk 1:32:02]} 5. Be2 {[%clk 1:29:45]} O-O {[%clk 1:26:31]} 6. Nf3 {[%clk
1:29:26]} e5 {[%clk 1:25:45]} 7. d5 {[%clk 1:29:48]} Na6 {[%clk 1:20:48]} 8. Nd2
{[%clk 1:27:58]} Nd7 {[%clk 1:18:15]} 9. O-O {[%clk 1:16:59]} f5 {[%clk 1:13:46]}
10. exf5 {[%clk 1:08:34]} gxf5 {[%clk 1:12:33]} 11. f4 {[%clk 1:08:31]} e4 {[%clk
1:00:28]} 12. Nb3 {[%clk 1:06:43]} Ndc5 {[%clk 0:56:53]} 13. Be3 {[%clk 1:04:18]}
Nxb3 {[%clk 0:52:58]} 14. axb3 {[%clk 1:02:02]} Qf6 {[%clk 0:50:41]} 15. Qd2
{[%clk 0:59:56]} c5 {[%clk 0:42:34]} 16. dxc6 {[%clk 0:55:21]} bxc6 {[%clk
0:40:31]} 17. Rfd1 {[%clk 0:55:35]} Rd8 {[%clk 0:25:20]} 18. Ra4 {[%clk 0:39:36]}
Bb7 {[%clk 0:20:06]} 19. b4 {[%clk 0:37:17]} c5 {[%clk 0:15:36]} 20. bxc5 {[%clk
0:33:20]} dxc5 {[%clk 0:12:50]} 21. Qe1 {[%clk 0:32:02]} Qc6 {[%clk 0:08:12]} 22.
Ra5 {[%clk 0:27:42]} Qb6 {[%clk 0:02:23]} 23. Rb5 {[%clk 0:27:17]} Qc6 {[%clk
0:01:40]} 24. Nd5 {[%clk 0:26:59]} Rd7 {[%clk 0:01:54]} 25. Qh4 {[%clk 0:26:39]}
Kh8 {[%clk 0:00:46]} 26. Qf2 {[%clk 0:18:01]} Rc8 {[%clk 0:00:40]} 27. Ra1 {[%clk
0:17:53]} Qe6 {[%clk 0:00:39]} 28. Nc3 {[%clk 0:17:25]} Rc6 {[%clk 0:00:39]} 29.
Na4 {[%clk 0:14:45]} Bd4 {[%clk 0:00:39]} 30. Nxc5 {[%clk 0:14:23]} Bxc5 {[%clk
0:00:45]} 31. Bxc5 {[%clk 0:14:47]} Nxc5 {[%clk 0:01:11]} 32. Rxc5 {[%clk
0:15:13]} Ra6 {[%clk 0:00:43]} 33. Re1 {[%clk 0:07:45]} e3 {[%clk 0:00:38]} 34.
Qh4 {[%clk 0:07:36]} Qg6 {[%clk 0:00:51]} 35. Qg5 {[%clk 0:04:26]} Rg7 {[%clk
0:00:33]} 36. Qd8+ {[%clk 0:01:43]} Rg8 {[%clk 0:01:02]} 37. Qd4+ {[%clk
0:02:02]} Rf6 {[%clk 0:00:50]} 38. g3 {[%clk 0:02:01]} Qxg3+ {[%clk 0:00:33]} 39.
hxg3 {[%clk 0:02:22]} Rxg3+ {[%clk 0:00:37]} 40. Kh2 {[%clk 0:32:38]} Rg2+ {[%clk
0:30:36]} 41. Kh3 {[%clk 0:33:01]} Rg6 {[%clk 0:29:00]} 42. Qd8+ {[%clk 0:32:54]}
1-0

[Event "Greek Team Championship"]
[Site "chess24.com"]
[Date "2017.07.08"]
[Round "7"]
[White "Blitsas, Orestis"]
[Black "Gkikas, Ioannis"]
[Result "1-0"]
[Board "9"]
[WhiteElo "1635"]
[WhiteCountry "GRE"]
[WhiteFideId "25807919"]
[WhiteEloChange "7"]
[BlackElo "1546"]
[BlackCountry "GRE"]
[BlackFideId "4264550"]
[BlackEloChange "-7"]

1. e4 {[%clk 1:30:57]} e6 {[%clk 1:29:19]} 2. d4 {[%clk 1:30:26]} d5 {[%clk
1:29:35]} 3. exd5 {[%clk 1:30:41]} exd5 {[%clk 1:29:59]} 4. Bd3 {[%clk 1:29:05]}
Bd6 {[%clk 1:29:58]} 5. Nc3 {[%clk 1:29:20]} Ne7 {[%clk 1:26:59]} 6. Nge2 {[%clk
1:29:20]} c6 {[%clk 1:23:58]} 7. Bf4 {[%clk 1:10:35]} Bf5 {[%clk 1:17:28]} 8.
Bxd6 {[%clk 1:06:52]} Qxd6 {[%clk 1:15:39]} 9. O-O {[%clk 0:44:37]} Bg6 {[%clk
1:10:26]} 10. Re1 {[%clk 0:42:42]} Nd7 {[%clk 1:06:41]} 11. Qd2 {[%clk 0:38:21]}
Bxd3 {[%clk 0:59:19]} 12. Qxd3 {[%clk 0:37:24]} O-O-O {[%clk 0:51:38]} 13. Reb1
{[%clk 0:34:02]} f5 {[%clk 0:49:42]} 14. a4 {[%clk 0:32:57]} g5 {[%clk 0:49:16]}
15. a5 {[%clk 0:32:00]} f4 {[%clk 0:47:09]} 16. b4 {[%clk 0:31:51]} g4 {[%clk
0:45:59]} 17. b5 {[%clk 0:24:16]} c5 {[%clk 0:44:04]} 18. dxc5 {[%clk 0:23:16]}
Nxc5 {[%clk 0:44:22]} 19. Qd4 {[%clk 0:22:29]} Rdf8 {[%clk 0:33:02]} 20. Nxf4
{[%clk 0:20:44]} Rd8 {[%clk 0:04:57]} 21. Re1 {[%clk 0:13:57]} Rhf8 {[%clk
0:03:29]} 22. g3 {[%clk 0:13:26]} Rf7 {[%clk 0:00:42]} 23. Rad1 {[%clk 0:13:04]}
h5 {[%clk 0:00:47]} 24. Nfxd5 {[%clk 0:10:38]} Nxd5 {[%clk 0:00:40]} 25. Qxd5
{[%clk 0:10:57]} Rfd7 {[%clk 0:00:35]} 26. Qxd6 {[%clk 0:10:46]} Rxd6 {[%clk
0:01:01]} 27. Rxd6 {[%clk 0:10:26]} Rxd6 {[%clk 0:01:29]} 28. Re5 {[%clk
0:10:33]} Nd7 {[%clk 0:00:53]} 29. Rd5 {[%clk 0:09:40]} Rf6 {[%clk 0:00:34]} 30.
Rxh5 {[%clk 0:09:54]} Rf8 {[%clk 0:00:35]} 31. Rg5 {[%clk 0:09:38]} b6 {[%clk
0:00:45]} 32. a6 {[%clk 0:09:55]} Kc7 {[%clk 0:00:38]} 33. Rxg4 {[%clk 0:10:06]}
Rf5 {[%clk 0:00:44]} 34. Rc4+ {[%clk 0:10:27]} Kd6 {[%clk 0:00:33]} 35. Rc6+
{[%clk 0:10:41]} Ke5 {[%clk 0:00:34]} 36. f4+ {[%clk 0:10:30]} Kd4 {[%clk
0:00:43]} 37. Rd6+ {[%clk 0:10:50]} Kxc3 {[%clk 0:01:07]} 38. Rxd7 {[%clk
0:11:04]} Rxb5 {[%clk 0:01:31]} 39. Rxa7 {[%clk 0:11:19]} Kxc2 {[%clk 0:01:50]}
40. Rc7+ {[%clk 0:41:12]} Kb3 {[%clk 0:32:10]} 41. a7 {[%clk 0:40:57]} Ra5 {[%clk
0:32:27]} 42. Rb7 {[%clk 0:41:19]} Kc4 {[%clk 0:32:36]} 43. Rxb6 {[%clk 0:41:33]}
Rxa7 {[%clk 0:33:03]} 44. Kg2 {[%clk 0:41:53]} Kd5 {[%clk 0:33:24]} 45. Kf3
{[%clk 0:42:06]} Rg7 {[%clk 0:33:48]} 46. h4 {[%clk 0:42:25]} Rg8 {[%clk
0:34:10]} 47. h5 {[%clk 0:42:50]} Rg7 {[%clk 0:34:30]} 48. h6 {[%clk 0:43:13]}
Rh7 {[%clk 0:34:58]} 49. g4 {[%clk 0:43:15]} Rh8 {[%clk 0:35:13]} 50. g5 {[%clk
0:43:39]} Rh7 {[%clk 0:35:29]} 51. Rf6 {[%clk 0:43:43]} Rh8 {[%clk 0:35:55]} 52.
Kg4 {[%clk 0:44:03]} Rh7 {[%clk 0:36:06]} 53. Kh5 {[%clk 0:44:27]} 1-0

[Event "Greek Team Championship"]
[Site "chess24.com"]
[Date "2017.07.08"]
[Round "7"]
[White "Spanos, Dimitrios"]
[Black "Nasos, Valerios"]
[Result "1/2-1/2"]
[Board "10"]
[WhiteElo "1353"]
[WhiteCountry "GRE"]
[WhiteFideId "25807846"]
[WhiteEloChange "2"]
[BlackElo "1433"]
[BlackCountry "GRE"]
[BlackFideId "25838253"]
[BlackEloChange "-2"]

1. d4 {[%clk 1:30:34]} Nf6 {[%clk 1:30:55]} 2. c4 {[%clk 1:30:34]} g6 {[%clk
1:31:19]} 3. f3 {[%clk 1:30:43]} Bg7 {[%clk 1:31:42]} 4. e4 {[%clk 1:30:59]} d6
{[%clk 1:32:05]} 5. Nc3 {[%clk 1:31:04]} O-O {[%clk 1:31:21]} 6. Be3 {[%clk
1:31:23]} e5 {[%clk 1:30:31]} 7. d5 {[%clk 1:31:46]} c6 {[%clk 1:30:54]} 8. Qd2
{[%clk 1:25:30]} Qe7 {[%clk 1:31:15]} 9. Nge2 {[%clk 1:24:23]} cxd5 {[%clk
1:10:05]} 10. cxd5 {[%clk 1:22:17]} Nbd7 {[%clk 1:09:53]} 11. g4 {[%clk 0:49:38]}
Ne8 {[%clk 1:05:27]} 12. h4 {[%clk 0:41:01]} f5 {[%clk 0:41:11]} 13. gxf5 {[%clk
0:37:48]} gxf5 {[%clk 0:41:32]} 14. Bg5 {[%clk 0:34:55]} Qf7 {[%clk 0:41:43]} 15.
Bh3 {[%clk 0:34:54]} Nc5 {[%clk 0:35:59]} 16. Be3 {[%clk 0:26:00]} b6 {[%clk
0:32:09]} 17. Bh6 {[%clk 0:11:39]} Qh5 {[%clk 0:19:28]} 18. Bxg7 {[%clk 0:06:25]}
Qxh4+ {[%clk 0:18:03]} 19. Kd1 {[%clk 0:06:53]} Nxg7 {[%clk 0:17:44]} 20. Kc2
{[%clk 0:06:39]} Qf6 {[%clk 0:16:31]} 21. Rag1 {[%clk 0:04:35]} f4 {[%clk
0:10:37]} 22. Nc1 {[%clk 0:03:29]} Rf7 {[%clk 0:09:47]} 23. Bxc8 {[%clk 0:01:58]}
Rxc8 {[%clk 0:09:55]} 24. Qh2 {[%clk 0:02:18]} Kf8 {[%clk 0:06:20]} 25. Qxh7
{[%clk 0:02:29]} Ke8 {[%clk 0:06:42]} 26. Rg6 {[%clk 0:00:54]} Qe7 {[%clk
0:06:38]} 27. Rhg1 {[%clk 0:00:59]} Nf5 {[%clk 0:03:29]} 28. Qh8+ {[%clk
0:00:37]} Rf8 {[%clk 0:03:45]} 29. Qh5 {[%clk 0:00:50]} Ne3+ {[%clk 0:03:49]} 30.
Kb1 {[%clk 0:00:42]} Kd7 {[%clk 0:04:01]} 31. Rg7 {[%clk 0:00:54]} Rfe8 {[%clk
0:03:08]} 32. Rxe7+ {[%clk 0:01:04]} Rxe7 {[%clk 0:03:33]} 33. Qh6 {[%clk
0:01:07]} Rce8 {[%clk 0:03:32]} 34. Nb5 {[%clk 0:01:03]} Nc4 {[%clk 0:03:03]} 35.
Qh3+ {[%clk 0:00:38]} Kd8 {[%clk 0:03:14]} 36. Kc2 {[%clk 0:00:33]} Rd7 {[%clk
0:03:06]} 37. Qh4+ {[%clk 0:00:55]} Kc8 {[%clk 0:03:22]} 38. Qh3 {[%clk 0:00:59]}
Kd8 {[%clk 0:02:23]} 39. Kc3 {[%clk 0:00:50]} Ne3 {[%clk 0:02:34]} 40. Qh6 {[%clk
0:30:48]} Na4+ {[%clk 0:31:39]} 41. Kd2 {[%clk 0:24:05]} Nxb2 {[%clk 0:30:07]}
42. Nd3 {[%clk 0:22:51]} Nbc4+ {[%clk 0:29:52]} 43. Ke2 {[%clk 0:22:52]} a6
{[%clk 0:29:55]} 44. Qf6+ {[%clk 0:22:27]} Kc8 {[%clk 0:29:42]} 1/2-1/2

[Event "Greek Team Championship"]
[Site "chess24.com"]
[Date "2017.07.08"]
[Round "7"]
[White "Svetushkin, Dmitry"]
[Black "Zysk, Robert"]
[Result "1-0"]
[Board "1"]
[WhiteElo "2573"]
[WhiteTitle "GM"]
[WhiteCountry "MDA"]
[WhiteFideId "13900463"]
[WhiteEloChange "3"]
[BlackElo "2405"]
[BlackTitle "IM"]
[BlackCountry "GER"]
[BlackFideId "4600410"]
[BlackEloChange "-3"]

1. e4 {[%clk 1:30:56]} e6 {[%clk 1:30:47]} 2. d4 {[%clk 1:31:12]} d5 {[%clk
1:31:11]} 3. Nc3 {[%clk 1:31:37]} Nf6 {[%clk 1:31:32]} 4. e5 {[%clk 1:32:01]}
Nfd7 {[%clk 1:31:58]} 5. f4 {[%clk 1:32:20]} c5 {[%clk 1:32:24]} 6. Nf3 {[%clk
1:32:44]} Nc6 {[%clk 1:32:49]} 7. Be3 {[%clk 1:33:06]} a6 {[%clk 1:32:31]} 8. Qd2
{[%clk 1:33:25]} Be7 {[%clk 1:32:54]} 9. Be2 {[%clk 1:33:48]} O-O {[%clk
1:30:14]} 10. O-O {[%clk 1:34:11]} b5 {[%clk 1:21:45]} 11. a3 {[%clk 1:33:53]}
Qb6 {[%clk 1:20:48]} 12. Nd1 {[%clk 1:34:11]} cxd4 {[%clk 1:16:41]} 13. Nxd4
{[%clk 1:34:02]} Nxd4 {[%clk 1:16:59]} 14. Bxd4 {[%clk 1:34:24]} Bc5 {[%clk
1:15:54]} 15. c3 {[%clk 1:33:36]} Nb8 {[%clk 1:08:45]} 16. Bxc5 {[%clk 1:18:08]}
Qxc5+ {[%clk 1:09:01]} 17. Nf2 {[%clk 1:18:33]} Nc6 {[%clk 1:03:09]} 18. Kh1
{[%clk 1:18:18]} f5 {[%clk 0:59:38]} 19. b4 {[%clk 1:15:47]} Qb6 {[%clk 0:53:28]}
20. Nd3 {[%clk 1:15:27]} Ra7 {[%clk 0:48:13]} 21. Nc5 {[%clk 1:15:14]} Rc7 {[%clk
0:39:20]} 22. h3 {[%clk 1:09:45]} Nb8 {[%clk 0:23:55]} 23. a4 {[%clk 1:05:20]}
Nd7 {[%clk 0:17:53]} 24. axb5 {[%clk 1:03:31]} axb5 {[%clk 0:17:16]} 25. Nb3
{[%clk 1:03:53]} Nb8 {[%clk 0:13:01]} 26. Nd4 {[%clk 1:02:54]} Bd7 {[%clk
0:11:40]} 27. Ra5 {[%clk 1:00:42]} Rfc8 {[%clk 0:11:43]} 28. Rf3 {[%clk 0:59:26]}
Nc6 {[%clk 0:06:15]} 29. Rxb5 {[%clk 0:58:55]} Qa7 {[%clk 0:06:41]} 30. Rc5
{[%clk 0:58:40]} Nxd4 {[%clk 0:06:09]} 31. cxd4 {[%clk 0:58:23]} Rxc5 {[%clk
0:05:40]} 32. bxc5 {[%clk 0:57:43]} Rb8 {[%clk 0:05:32]} 33. Qc3 {[%clk 0:52:48]}
Bc6 {[%clk 0:02:20]} 34. Qa3 {[%clk 0:51:02]} Rb1+ {[%clk 0:02:23]} 35. Kh2
{[%clk 0:51:28]} Qb7 {[%clk 0:02:28]} 36. Qa5 {[%clk 0:46:51]} Qb8 {[%clk
0:02:01]} 37. Qa6 {[%clk 0:42:32]} Qe8 {[%clk 0:02:24]} 38. Ra3 {[%clk 0:39:58]}
Rb2 {[%clk 0:02:19]} 39. Ra2 {[%clk 0:31:33]} Rb4 {[%clk 0:01:58]} 40. Qd3 {[%clk
1:00:49]} Qb8 {[%clk 0:31:44]} 41. Qd2 {[%clk 0:59:56]} Ba4 {[%clk 0:20:05]} 42.
Qc3 {[%clk 0:57:13]} Rb3 {[%clk 0:08:49]} 43. Qa5 {[%clk 0:52:47]} Bc6 {[%clk
0:09:14]} 44. Qa7 {[%clk 0:49:14]} Qd8 {[%clk 0:09:06]} 45. Qa6 {[%clk 0:40:08]}
Qe8 {[%clk 0:09:20]} 46. Qa5 {[%clk 0:39:31]} Qd7 {[%clk 0:08:53]} 47. Bd1 {[%clk
0:35:03]} Rb8 {[%clk 0:04:57]} 48. Qd2 {[%clk 0:33:26]} Bb5 {[%clk 0:04:12]} 49.
Rb2 {[%clk 0:32:11]} Ra8 {[%clk 0:04:15]} 50. Qc3 {[%clk 0:30:14]} h6 {[%clk
0:04:12]} 51. Bh5 {[%clk 0:28:37]} Kh7 {[%clk 0:02:24]} 52. Qg3 {[%clk 0:28:39]}
Ra4 {[%clk 0:01:36]} 53. Bg6+ {[%clk 0:25:38]} Kg8 {[%clk 0:02:02]} 54. Qb3
{[%clk 0:25:31]} Ra5 {[%clk 0:01:52]} 55. Qb4 {[%clk 0:23:19]} Qc7 {[%clk
0:01:56]} 56. c6 {[%clk 0:23:13]} 1-0

[Event "Greek Team Championship"]
[Site "chess24.com"]
[Date "2017.07.08"]
[Round "7"]
[White "Panagiotakopoulos, Gerasimos"]
[Black "Alexakis, Dimitrios"]
[Result "1/2-1/2"]
[Board "2"]
[WhiteElo "2223"]
[WhiteCountry "GRE"]
[WhiteFideId "4210778"]
[WhiteEloChange "-2"]
[BlackElo "2157"]
[BlackCountry "GRE"]
[BlackFideId "4200527"]
[BlackEloChange "2"]

1. e4 {[%clk 1:30:58]} c5 {[%clk 1:30:42]} 2. Nf3 {[%clk 1:31:23]} Nc6 {[%clk
1:30:57]} 3. Bb5 {[%clk 1:31:49]} g6 {[%clk 1:31:00]} 4. O-O {[%clk 1:32:14]} Bg7
{[%clk 1:31:20]} 5. c3 {[%clk 1:32:38]} Qb6 {[%clk 1:29:16]} 6. Na3 {[%clk
1:22:38]} Nf6 {[%clk 1:15:50]} 7. Re1 {[%clk 1:22:35]} O-O {[%clk 1:12:17]} 8. e5
{[%clk 1:21:24]} Ng4 {[%clk 1:03:12]} 9. d4 {[%clk 1:16:59]} cxd4 {[%clk
1:01:00]} 10. cxd4 {[%clk 1:17:21]} d6 {[%clk 1:00:08]} 11. h3 {[%clk 1:14:49]}
Nh6 {[%clk 0:59:49]} 12. exd6 {[%clk 1:14:52]} exd6 {[%clk 0:59:53]} 13. d5
{[%clk 1:14:56]} Ne5 {[%clk 0:55:01]} 14. Nxe5 {[%clk 1:11:38]} dxe5 {[%clk
0:55:17]} 15. Be3 {[%clk 1:11:57]} Qf6 {[%clk 0:50:45]} 16. d6 {[%clk 0:58:56]}
a6 {[%clk 0:39:16]} 17. Be2 {[%clk 0:49:23]} Bd7 {[%clk 0:26:13]} 18. Bf3 {[%clk
0:30:58]} Nf5 {[%clk 0:25:14]} 19. Bxb7 {[%clk 0:30:32]} Rab8 {[%clk 0:23:21]}
20. Bxa6 {[%clk 0:30:28]} Rxb2 {[%clk 0:18:41]} 21. Qc1 {[%clk 0:21:23]} Nxe3
{[%clk 0:18:38]} 22. Qxb2 {[%clk 0:20:31]} Nxg2 {[%clk 0:18:50]} 23. Kxg2 {[%clk
0:17:12]} Bxh3+ {[%clk 0:16:04]} 24. Kxh3 {[%clk 0:17:36]} Qf3+ {[%clk 0:15:40]}
25. Kh2 {[%clk 0:17:59]} e4 {[%clk 0:14:55]} 26. Qb3 {[%clk 0:12:44]} Qxf2+
{[%clk 0:09:24]} 27. Kh1 {[%clk 0:13:09]} Bxa1 {[%clk 0:04:17]} 28. Rxa1 {[%clk
0:13:28]} e3 {[%clk 0:04:11]} 29. Qc2 {[%clk 0:07:43]} Qh4+ {[%clk 0:01:17]} 30.
Kg1 {[%clk 0:08:04]} e2 {[%clk 0:01:18]} 31. Qc3 {[%clk 0:07:26]} Re8 {[%clk
0:00:49]} 32. Re1 {[%clk 0:06:04]} Qg4+ {[%clk 0:00:45]} 33. Kf2 {[%clk 0:05:58]}
Qf4+ {[%clk 0:00:35]} 34. Qf3 {[%clk 0:05:40]} Qh2+ {[%clk 0:00:32]} 35. Qg2
{[%clk 0:06:04]} Qf4+ {[%clk 0:00:31]} 36. Kg1 {[%clk 0:05:48]} Qd4+ {[%clk
0:00:46]} 37. Qf2 {[%clk 0:05:18]} Qg4+ {[%clk 0:00:39]} 38. Qg2 {[%clk 0:04:05]}
Qd4+ {[%clk 0:01:00]} 39. Qf2 {[%clk 0:04:06]} Qg4+ {[%clk 0:00:58]} 40. Qg2
{[%clk 0:33:56]} 1/2-1/2